Les plus gros transferts du football - Arrières droits - 2010-2011 - Statistiques

Statistiques générales
  • Ce quiz a été pris 9 fois
  • Le résultat moyen est 2 sur 10
Statistiques - réponses
Montant de transfert (M €) Nationalité Venant de Allant à Joueur % Correct
6,00 Espagne CA Osasuna Marseille César Azpilicueta
89%
8,00 Brésil FC Schale 04 Genoa Rafinha
44%
4,00 France Stade Rennais Marseille Rod Fanni
44%
6,00 France Sevilla FC Genoa Abdoulay Konko
0%
7,00 Italie Brescia Parma Andrea Rispoli
0%
3,00 Hongrie / Autriche Atalanta BC FC Bologna György Garics
0%
4,25 Espagne CA Osasuna Atlético Madrid Juanfran Torres
0%
4,00 Russie Dinamo Moscou Spartak Moscou Kirill Kombarov
0%
4,00 Pays-Bas FC Twente Wigan Ronnie Stam
0%
5,30 Ghana FC Bâle Dnipro Samuel Inkoom
0%
Aucun quiz correspondant
Distribution des résultats
% des personnes avec chaque résultat
Percentile par nombre de réponses
Votre historique - résultats
Vous n’avez pas pris ce quiz